000 00768nam a2200217 a 4500
001 000031497
003 OSt
005 20201127124837.0
008 110627s1930 dr c 000 | spa d
040 _aDO-SdBNP
_bspa
_cBNPHU
082 4 _a551.43
_bP438a
100 1 _aPérez, Juan B.
_936219
245 1 0 _aAlgo más sobre el Tina y sobre el valle encantado /
_cJuan B. Pérez.
260 _aSantiago, República Dominicana :
_bImprenta Alfa,
_c1930.
300 _a31 p. :
_bil., retrs. ;
_c21 cm.
590 _aInventariado, 2019 / DG
651 4 _aLoma La Pelona (San Juan de La Maguana)
_xExpediciones y exploracion
_977455
651 4 _aMonte Tina (La Vega)
_xExpediciones y exploracion
_977456
910 _aValidado. Control de calidad MFF
942 _2ddc
_cLBS1
999 _c30989
_d30989